Garlands for the giant: speeches, goodwill messages and honours at Nigeria’s centenary celebration (Record no. 30402)

MARC details
000 -LEADER
fixed length control field 00613nam a2200181Ia 4500
020 ## - INTERNATIONAL STANDARD BOOK NUMBER
ISBN 9789785293326
050 ## - CALL MARK
Classification number DT 515.9 .G37/
100 ## - STATEMENT OF RESPONSIBILITY--MAIN AUTHOR NAME
Personal name Office of the special adviser to the president on research, documentation and strategy
245 #0 - TITLE STATEMENT
Title Garlands for the giant: speeches, goodwill messages and honours at Nigeria’s centenary celebration
260 ## - PUBLICATION, DISTRIBUTION, ETC. (IMPRINT)
Place of publication Abuja
260 ## - PUBLICATION, DISTRIBUTION, ETC. (IMPRINT)
Name of publisher Research, Documentation and strategy
260 ## - PUBLICATION, DISTRIBUTION, ETC. (IMPRINT)
Year of publication 2014
300 ## - PHYSICAL DESCRIPTION
Number of Pages 413 p
650 ## - SUBJECT ADDED ENTRY--TOPICAL TERM
Topical Term Collection - speeches Centenary- Nigeria
942 ## - ADDED ENTRY ELEMENTS (KOHA)
Koha item type Books
Holdings
Withdrawn status Lost status Source of classification or shelving scheme Damaged status Not for loan Permanent Location Current Location Date acquired Accession Number Price effective from Koha item type
    Library of Congress Classification     NILE UNIVERSITY OF NIGERIA - MAIN LIBRARY NILE UNIVERSITY OF NIGERIA - MAIN LIBRARY 04/23/2025 0184928 04/23/2025 Books